000 00307nam a22001337a 4500
008 170607b xxu||||| |||| 00| 0 eng d
020 _a9780742527553
041 _aeng
080 _a94(7/8)
100 _a18
101 _aSHH
245 _aRIGHTS VS PUBLIC SAFETY AFTER 9/11
_cETZIONI,A
942 _2udc
_cBK
999 _c16215
_d16215